[Event "World-ch Kramnik-Kasparov +2-0=13"]
[Site "London"]
[Date "2000.10.21"]
[Round "8"]
[White "Kramnik, Vladimir"]
[Black "Kasparov, Garry"]
[Result "1/2-1/2"]
[WhiteElo "2770"]
[BlackElo "2849"]
[Annotator "Golod,Vitali"]
[PlyCount "75"]
[EventDate "2000.10.08"]
[EventType "match"]
[EventRounds "15"]
[EventCountry "ENG"]
[SourceTitle "CBM 080"]
[Source "ChessBase"]
[SourceDate "2001.01.25"]
[SourceVersion "1"]
[SourceVersionDate "2001.01.25"]
[SourceQuality "1"]

{Kramnik has entered in a match 4:3 before 8-th party.} 1. d4 Nf6 2. c4 e6 3. Nc3 Bb4 {This opening is applied in a match for the first time.} 4. Qc2 O-O 5. a3 Bxc3+ 6. Qxc3 b6 7. Bg5 Bb7 8. f3 h6 9. Bh4 d5 10. e3 Nbd7 11. cxd5 Nxd5 12. Bxd8 Nxc3 13. Bh4 Nd5 14. Bf2 c5 {It's main line.} ({Also it deserves attention:} 14... f5 $5 {e5-e4 See comments to Gelfand,B-Tiviakov,S/Elista,1998/CBM 65 (½-½)(Golod,V)(23)}) 15. Bb5 $5 ({Slightly worse is:} 15. e4 {See comments to Teplitsky,Y-Gershon,A/Bermuda,1999/CBM 69 (½-½)(Golod,V)(27)}) 15... Rfd8 $5 {Besides black has a two options:} (15... N5f6 $6 {You can see comments to Kramnik,V-Adams,M/Linares,1999/CBM 70(1-0)(Golod,V)(38)}) ({and} 15... Rad8 $5 16. Ne2 cxd4 17. Nxd4 a6 (17... e5 $5 18. Nc6 (18. Nf5 $5) 18... Bxc6 19. Bxc6 Nc5 20. Rd1 (20. Ke2 $5) 20... Ne7 21. Bb5 Rxd1+ 22. Kxd1 Rc8 23. Re1 a6 24. Bf1 b5 $11 {Jelen,I-Podlesnik,B/Krsko,1997(½-½)(45)}) 18. Be2 Nc5 19. O-O Na4 20. Rab1 Rc8 21. Rfd1 Rfd8 22. Rd2 Ne7 $6 (22... b5 $5 {Finkel,A} 23. Rbd1 Ndb6 24. Bh4 g5 25. Bg3 Nc4 26. Bxc4 bxc4 $132) 23. Rbd1 $14 {See comments to Jelen,I-Farago,I/Ljubljana,1997/CBM58 (1-0)(Finkel,A)(61)}) 16. e4 (16. Ne2 $143 cxd4 17. Nxd4 Nc5 (17... a6 $5 18. Ba4 Rac8 19. Ke2 Nc5 20. Bc2 a5 21. Rhd1 Ba6+ 22. Ke1 g6 $11 {Arlandi,E-Jenni,F/Charleville,2000(0-1)(61)}) 18. O-O Nc7 19. Bc4 e5 20. Nf5 Ba6 21. Bxa6 N7xa6 $11 {Topalov,V-Kramnik,V/Monte Carlo,1998 (½-½)(28)}) 16... Nc7 $1 $146 {[%mdl 8] The large hopes were assigned to this strong novelty.} ({Was checked in the previous games:} 16... Ne7 17. Ne2 cxd4 $1 (17... Bc6 $6 18. Ba6 b5 19. a4 bxa4 20. dxc5 Ne5 21. Nd4 $14 {Kasparov,G-Kramnik,V/Moscow,1998(1-0) (61)}) 18. Nxd4 a6 19. Be2 (19. Bxd7 Rxd7 20. O-O-O Rad8 21. Nb3 Nc8 22. Rxd7 Rxd7 23. Rd1 Rxd1+ 24. Kxd1 f5 $11 {Pogorelov,R-Kolev,A/Salou,2000(½-½)(41)}) 19... Nc5 20. b4 Na4 21. O-O e5 22. Nb3 Nc3 23. Rfe1 Nxe2+ 24. Rxe2 Rd6 25. Rd2 {½-½ Anand,V-Karpov,A/Monte Carlo,1999 (25)}) 17. Bxd7 {It's best move.Differently,after:} (17. Ba4 cxd4 18. Bxd4 e5 19. Be3 Ne6 {black has a small advantage.} (19... Nc5 $5 20. Bxc5 bxc5 21. Ne2 Ne6)) 17... Rxd7 18. dxc5 f5 $1 {In it all sense-16...c7.} ({Much more poorly same idea with inclusion preliminary:} 18... bxc5 19. Bxc5 f5) 19. cxb6 $6 {According to Shipov,S this move is a mistake. He writes that White could to equalize (as a minimum) with the help:} (19. e5 $1 {[%csl Gb7,Yf3,Yg2]} Rd5 20. cxb6 (20. Ne2 $143 bxc5 21. Rc1 Na6 22. Bg3 Rad8 23. Nc3 Rd2 24. Rd1 Rxd1+ 25. Nxd1 Bc6 $15) 20... Rxe5+ 21. Ne2 Ba6 (21... axb6 $6 22. Bd4 $1 Rb5 23. O-O e5 $140 24. a4 {[%csl Rb6,Re5]}) 22. O-O-O Nd5 (22... Bxe2 $4 23. bxc7 Bxd1 24. Rxd1 {[%csl Gc7,Rg8][%cal Gd1d8]} Rd5 25. Rxd5 exd5 26. Bxa7 $18) 23. Nd4 axb6 24. Rd2 $11) 19... axb6 20. Ne2 $146 ({Shipov makes the following comments in "Club Kasparov":} 20. e5 $2 Ra5 21. Bg3 Rad5 $15) (20. exf5 exf5 21. Be3 {[%cal Ge1f2]} Nd5 22. Bd2 f4 $36 {[%cal Gd5e3]}) (20. Bxb6 $5 fxe4 21. fxe4 Bxe4 22. Nf3 $11) ({RR} 20. Nh3 fxe4 21. fxe4 Bxe4 22. O-O Rd2 23. Rfe1 Bb7 24. Rac1 Nd5 25. Rxe6 Rf8 26. Rd6 Rxb2 27. Rd7 Rf7 28. Rxf7 Kxf7 29. Bd4 Rd2 30. Bf2 g5 31. g3 Ra2 32. Bxb6 Nxb6 33. Rc7+ {½-½ (33) Pataki,G (2344)-Jurek,J (2362) Prerov 2001}) 20... fxe4 21. fxe4 ({Shipov."Dubious:} 21. O-O {because of:} exf3 22. gxf3 Rd2 $1 {"}) 21... Bxe4 22. O-O $6 {Shipov." Again oversight.Now white get in a strip of difficulties.It was necessary:} (22. Bxb6 $5 Nd5 (22... Bxg2 $143 23. Rg1) 23. Bc5 Bxg2 24. Rg1 Bh3 $13 {[%cal Gh3f5] "}) 22... Rd2 {[%csl Rg2]} 23. Nc3 $6 ({Shipov."Can be recommended:} 23. Rfe1 Rxb2 24. Bd4 $1 Rc2 (24... Rb3 $2 25. Nc1) 25. Bxb6 Nd5 26. Bf2 {=/ "}) 23... Bb7 24. b4 ({Senselessly:} 24. Rad1 {because of:} Rxb2 $1 25. Rd7 Rc8 {and impossibly:} 26. Na4 Rc2 $140 27. Nxb6 {in view of:} Rf8 $1 {[%csl Rf2][%cal Gb7a6]}) 24... Rf8 $1 {Shipov."Probably,it's the best way to support the initiative.Differently,at black there are no problems:} (24... b5 $6 25. a4 bxa4 26. Rxa4 Rc2 27. Rxa8+ Bxa8 28. Nd1 $11) (24... Nd5 $6 25. Ne4 $1 Rc2 26. Nd6 Bc6 27. b5 Bd7 28. a4 $11 {[%csl Ga4,Gb5,Rd7]}) (24... Rc2 $2 25. Rac1 $11 (25. Rfc1 $2 Rxa3 $17 {[%csl Ra1,Rc1]})) (24... e5 $2 25. a4 Ne6 26. Rfd1 $14 {"}) 25. Ra2 ({Much better is:} 25. a4 Rc2 26. Nd1 (26. Rac1 $4 Rfxf2) 26... Nd5 27. a5 $132) 25... Rxa2 26. Nxa2 Nd5 {[%csl Gb7,Rg2][%cal Gd5f4]} 27. Bd4 Ra8 $1 {[%csl Ra3]} ({Shipov."Leads to equality:} 27... Nf4 28. Rf2 b5 29. Nc3 Bc6 30. Bc5 Rf7 31. Bd6 g5 32. Ne2 $11 {"}) 28. Nc3 $6 $138 ({Shipov:"Is a possibe continuation of the play:} 28. Rf3 g5 {[%cal Gd5f4]} 29. Nc3 Nf4 30. Re3 Rxa3 (30... Bxg2 $6 31. a4) 31. g3 Ra1+ 32. Kf2 Nh3+ 33. Ke2 Kf7 34. Bxb6 Rh1 35. Rd3 $132 {"}) 28... Nxc3 29. Bxc3 Rxa3 30. Bd4 {[%mdl 4096]} b5 31. Rf4 $1 {[%csl Rg2,Rg7][%cal Gf4g4,Gg4g7,Yg4g2]} Rd3 $2 ({Also weakly:} 31... g5 $6 {Shipov.} 32. Rf6 Ra2 33. Rg6+ $1 Kf8 34. Rxe6 Rxg2+ 35. Kf1) ({and} 31... Rb3 {Shipov.} 32. Rg4 (32. Be5 $2 h5 {[%csl Rg4][%cal Yh5g4]}) 32... g5 33. h4 Rxb4 34. hxg5 h5 35. Rf4 {[%csl Rg8][%cal Gg5g6,Gg6g7]} Rb1+ 36. Kf2 Rc1 37. g6 Rc2+ 38. Ke3 Rxg2 39. Rf7 Bd5 40. Rg7+ Kf8 41. Bf6 e5 42. Bxe5 $11) (31... h5 $1 {[%csl Rg4][%cal Gh5g4] Shipov.} 32. g4 h4 (32... Bf3 $5 33. gxh5 Bxh5) 33. g5 Ra2 34. Rxh4 Rg2+ 35. Kf1 Rxg5 {keeping quite good chances of a prize.}) 32. Rg4 g5 ({Leads to draw:} 32... Rd1+ 33. Kf2 Rd2+ 34. Ke3 Rxg2 35. Rxg2 Bxg2 36. Be5 $11) 33. h4 Kf7 34. hxg5 hxg5 35. Kf2 $1 {[%cal Gd4e3]} Rd2+ $6 ({A little bit better:} 35... Kg6 36. Ke2 Rb3 37. Be3 Rb2+ 38. Kf1 {[%csl Rg5]} Kf5 39. Rxg5+ Ke4 40. Bc5 Bd5 {=/}) 36. Ke3 Rxg2 37. Rxg2 Bxg2 38. Be5 $1 {Shipov:"And only here champion has reflected. But late! The position is perfect draw. To punch blockade of white on point" e5 and g3" black be not capable. Therefore,drawn game!"} 1/2-1/2

[Event "World-ch Kramnik-Kasparov +2-0=13"]
[Site "London"]
[Date "2000.10.24"]
[Round "10"]
[White "Kramnik, Vladimir"]
[Black "Kasparov, Garry"]
[Result "1-0"]
[WhiteElo "2770"]
[BlackElo "2849"]
[Annotator "Knaak,Rainer"]
[PlyCount "49"]
[EventDate "2000.10.08"]
[EventType "match"]
[EventRounds "15"]
[EventCountry "ENG"]
[SourceTitle "CBM 079"]
[Source "ChessBase"]
[SourceDate "2000.11.21"]
[SourceVersion "1"]
[SourceVersionDate "2000.11.21"]
[SourceQuality "1"]

{Seit 1985 war der Weltmeistertitel in der Hand von Gary Kasparov. Nach der Tradition der Schachwelt in über 100 Jahren wird Weltmeister, wer den amtierenden Titelträger in einem Weltmeisterschaftsmatch besiegt. Genau dies gelang - etwas überraschend - Vladimir Kramnik. Der 25-jährige Russe geht damit als 14. Weltmeister in die Schachgeschichte ein. Bei seinem 8,5:6,5-Sieg ließ er Kasparov nicht zur Entfaltung kommen. Dessen scheinbar schwaches Spiel war wohl in Wirklichkeit der Stärke des neuen Weltmeisters geschuldet.} 1. d4 Nf6 2. c4 e6 3. Nc3 Bb4 {Zu Nimzoindisch kam Kasparov erst, als er sowohl mit Grünfeldindisch als auch mit dem Angenommenen Damengambit Schwierigkeiten hatte.} 4. e3 O-O 5. Bd3 d5 6. Nf3 c5 7. O-O cxd4 8. exd4 dxc4 9. Bxc4 b6 {Dieses System nennen Insider auch Karpov-Variante. In der Tat hat der Exweltmeister dieses System in den 70-er Jahren populär gemacht. Für Karpov war es die Hauptwaffe gegen Nimzoindisch mit 4.e3.} 10. Bg5 Bb7 11. Re1 Nbd7 12. Rc1 Rc8 13. Qb3 {Diesen aggressiven Aufbau habe ich früher selbst gespielt; Schwarz spielt nun am sichersten 13...xc3.} Be7 {Das wurde zunächst getadelt, doch wahrscheinlich zu Unrecht.} (13... Bxc3 14. Rxc3 h6 15. Bh4 {Ob Weiß hier Vorteil hat, ist sehr fragwürdig.} Bd5 (15... Qe8 $5) 16. Ne5) (13... Ba5 $6 {Das gab ich in ECO Band E 2. Auflage als zum Ausgleich führend an; wohl ein Irrtum.} 14. Ne5 Qc7 (14... Nxe5 15. dxe5 Qd4 16. Bxe6 Ng4 17. Be3 Nxe3 18. Bxc8 Ng4 19. Bxb7 Qxf2+ 20. Kh1 Qh4 21. h3 $16 {1-0 Knaak,R-Espig,L/Fuerstenwalde 1981/MCD (57)}) 15. Bxe6 fxe6 16. Qxe6+ Kh8 17. Nf7+ Rxf7 18. Qxf7 Rf8 19. Qe7 Ng4 (19... Qb8 20. Bh4 Bxc3 21. bxc3 $14 {1-0 Knaak,R-Spassov,L/Sochi 1980/MCD (64)}) 20. f4 Qc6 21. d5 $1 {(Fritz)} (21. Re2 Bxc3 22. Rxc3 Qd5 23. Rd2 Rf7 $11 {(ECO)}) 21... Qc5+ 22. Qxc5 Nxc5 23. Be7 $1 Rc8 24. Bxc5 bxc5 25. Re7 $16) 14. Bxf6 {Vielleicht ist ja dieser viel gelobte Zug gar nicht so gut.} (14. Ne5 $5 Nxe5 15. dxe5 Nd7 16. Bxe7 Qxe7 17. Nb5 Rc5 $2 (17... Qg5 $5 18. Qg3 Qxg3 19. hxg3 Ba6 20. Nd6 (20. a4 $5 Bxb5 21. Bxb5 Rxc1 22. Rxc1 Nxe5 23. Rc7 $13) 20... Bxc4 21. Rxc4 Rxc4 22. Nxc4 Rc8 $11) 18. f4 Rfc8 $2 19. Nxa7 Rd8 20. Nb5 Nxe5 21. fxe5 Rd2 22. Bf1 $18 {1-0 Shulman,Y-Smagin,S/St Petersburg 1994/EXT 98 (36)}) 14... Nxf6 ({Hier würde} 14... Bxf6 {die in der Partie folgenden Verwicklungen vermeiden.} 15. Nb5 Bxf3 $1 (15... Ra8 $2 16. Nd6 Bxf3 17. Qxf3 Bxd4 18. Nxf7 Qf6 19. Bxe6 Qxf3 20. Ng5+ {mit großem weißen Vorteil.}) 16. Qxf3 a6 17. Nd6 (17. Na7 Rc7 (17... Bg5) 18. Nc6 Qc8 19. Bd3 Nb8 20. d5 exd5 21. Bf5 Qb7 22. Nb4 Rxc1 23. Rxc1 Rd8 24. Rd1 Bxb2 25. Nxd5 {und Fritz sieht trotz Minusbauern einen kleinen Vorteil für Weiß.}) 17... Rc7 18. Nxf7 (18. Bxa6 $2 Rxc1 19. Rxc1 Nb8) 18... Rxf7 19. Bxe6 Nf8 20. Rxc7 (20. Bb3 Kh8 21. Bxf7 Rxf7 22. Rcd1 Rd7 23. Re4 $13) 20... Qxc7 {und Vorteil für Weiß ist nicht in Sicht.}) 15. Bxe6 $1 {Ein typisches Motiv, und sogar schon gespielt worden.} fxe6 $2 {Schwarz muss nicht schlagen.} (15... Rc7 $142 16. Ng5 (16. Bc4 $5 Bxf3 17. gxf3 Bd6 $13) 16... Bd6 {droht 17...f4} (16... Qxd4 $1 $13) 17. Nb5 $1 (17. Rcd1 h6 18. Nxf7 Rcxf7 $13) 17... Re7 18. Nxd6 Qxd6 19. Bc4 Qf4 20. Qg3 Qxg3 21. hxg3 Rd7 22. Red1 $16 {/ Diese Stellung gilt es gegen die Partiestellung nach z.B. 21.d6 abzuwägen, um zu bewerten, ob 15...c7 wirklich besser gewesen wäre.}) 16. Qxe6+ Kh8 17. Qxe7 Bxf3 18. gxf3 Qxd4 {Es ist noch nicht so schlimm für Schwarz, Weiß versucht nun sofort die Schwäche der gegnerischen Grundreihe auszunutzen.} 19. Nb5 $1 Qxb2 $146 ({Auch} 19... Qf4 $6 {ist schwach:} 20. Rxc8 Rxc8 21. Nd6 Qxf3 $2 (21... Ra8 22. Nf7+ (22. Ne8 Nxe8 23. Qxe8+ Qf8 24. Qxf8+ Rxf8 25. Re7 $14) 22... Kg8 23. Nd8 (23. Qe6 Rf8 24. Nd8+ Kh8 25. Qe7 Nd5 26. Ne6 Nxe7 27. Nxf4 $14) 23... Qg5+ 24. Kf1 Qg6 $14) 22. Nxc8 Qg4+ 23. Kf1 Qh3+ 24. Ke2 Qxc8 25. Kd2 $18 {1-0 Hazai,L-Danielsen,H/Valby 1994/EXT 98 (32)}) (19... Qd2 $5 20. Rxc8 Rxc8 21. Nd6 Rb8 $14) ({RR} 19... Qf4 20. Rxc8 Rxc8 21. Nd6 Qxf3 22. Nxc8 Qg4+ 23. Kf1 Qh3+ 24. Ke2 Qxc8 25. Kd2 h5 26. Rg1 Ng4 27. h3 Qf5 28. Qd8+ Kh7 29. Qd3 Qxd3+ 30. Kxd3 Nxf2+ 31. Ke3 Nxh3 32. Rg3 {1-0 (32) Hazai,L (2465)-Danielsen,H (2480) Valby 1994}) 20. Rxc8 Rxc8 21. Nd6 Rb8 ({Nach} 21... Ra8 {Aber} 22. Ne8 $1 (22. Nf7+ Kg8 {kann von weißer Gewinnstellung noch keine Rede sein.} 23. Qe6 (23. Nd8 h6 24. Ne6 Nh5 (24... Ne8 $6 25. Re4 $1) (24... Nh7 $5 25. Qb7 Re8 26. Qd7 Rb8 27. Qxa7 Re8 28. Qd7 Rb8 29. f4 Qf6) 25. Qb7 Re8 26. Qd7 Rb8 27. Qxa7 Re8 28. Qd7 Rb8) 23... h6 $1 24. Nxh6+ Kh7 {Nun kann Weiß mit Springerzügen einen kleinen Vorteil behaupten, aber es geht nicht} 25. Qh3 $2 {weil nach} (25. Ng4 $16) 25... gxh6 26. Re7+ Kg6 27. Qg3+ Kf5 {kein Turm auf b8 hängt; Weiß hat nur Dauerschach.}) 22... Ng8 23. Qd7 h6 24. Kg2 $18) 22. Nf7+ Kg8 23. Qe6 Rf8 {Das verliert sofort.} ({Nach} 23... h5 {kann Weiß jedoch ebenfalls gewinnen:} 24. Ng5+ Kh8 25. Qf5 $1 {und das Eindringen des weißen Turmes über e7 oder auch e6 bringt die Entscheidung.} Qxa2 (25... Kg8 26. Re7) (25... h4 26. h3 Qxa2 27. Re7 Qa3 28. Rf7 Kg8) 26. Qg6 Qa3 27. Re6 Kg8 28. h4 $18) 24. Nd8+ Kh8 25. Qe7 1-0

[Event "Linares 20th"]
[Site "Linares"]
[Date "2003.03.07"]
[Round "12"]
[White "Ponomariov, Ruslan"]
[Black "Kasparov, Garry"]
[Result "1/2-1/2"]
[WhiteElo "2734"]
[BlackElo "2847"]
[PlyCount "67"]
[EventDate "2003.02.22"]
[EventType "tourn"]
[EventRounds "14"]
[EventCountry "ESP"]
[EventCategory "20"]
[SourceTitle "CBM 094"]
[Source "ChessBase"]
[SourceDate "2003.05.26"]
[SourceVersion "1"]
[SourceVersionDate "2003.05.26"]
[SourceQuality "1"]

1. d4 Nf6 2. c4 e6 3. Nc3 Bb4 4. e3 O-O 5. Bd3 c5 6. Nf3 Nc6 7. d5 Ne7 8. e4 d6 9. Bd2 exd5 10. exd5 Bf5 $146 ({RR} 10... Ng6 11. O-O Bg4 12. Bxg6 hxg6 13. h3 Bf5 14. Ne2 Bxd2 15. Qxd2 b5 16. cxb5 Be4 17. Qf4 Bxd5 18. Rfd1 Bxf3 19. Qxf3 a6 {½-½ (19) Vitiugov,N (2638)-Ponomariov,R (2719) Kallithea 2008}) 11. Qc2 Qd7 12. O-O Bxd3 13. Qxd3 Qf5 14. Qxf5 Nxf5 15. Rfe1 Rfe8 16. Rac1 h5 17. Kf1 a6 18. h3 b5 19. b3 Kf8 20. Ng5 h4 21. Re2 Rab8 22. Rce1 Rxe2 23. Kxe2 Nd7 24. f4 g6 25. Kd3 Ba5 26. Nge4 bxc4+ 27. bxc4 Bd8 28. Rb1 Rxb1 29. Nxb1 Nf6 30. Nbc3 Ke8 31. Be1 Nh5 32. Ne2 Kd7 33. Bc3 Be7 34. Kd2 1/2-1/2

[Event "URS-ch49 Final"]
[Site "Frunze"]
[Date "1981.11.29"]
[Round "2"]
[White "Psakhis, Lev"]
[Black "Kasparov, Garry"]
[Result "1-0"]
[WhiteElo "2500"]
[BlackElo "2630"]
[PlyCount "87"]
[EventDate "1981.11.28"]
[EventType "tourn"]
[EventRounds "17"]
[EventCountry "URS"]
[EventCategory "12"]
[SourceTitle "URS-ch"]
[Source "ChessBase"]
[SourceDate "1999.07.01"]
[SourceVersion "1"]
[SourceVersionDate "1999.07.01"]
[SourceQuality "1"]

1. d4 Nf6 2. c4 e6 3. Nc3 Bb4 4. e3 c5 5. Nf3 O-O 6. Bd3 d5 7. O-O dxc4 8. Bxc4 Nbd7 9. Qe2 a6 10. a3 Ba5 11. Ba2 cxd4 12. exd4 Bxc3 13. bxc3 b5 14. a4 Bb7 15. Bd2 $146 ({RR} 15. Bb1 Qc7 16. Bd2 Bd5 17. Bd3 Bc4 18. Ne1 Nb6 19. Nc2 Bxd3 20. Qxd3 Nxa4 21. Nb4 Qb7 22. Ra2 Rfc8 23. Rb1 Ne4 {0-1 (23) Lesiege,A (2375)-Kosten,A (2515) Hyeres 1992}) ({RR} 15. Ba3 Re8 16. axb5 axb5 17. Bb4 Qc7 18. Ne5 Nd5 19. Bxd5 Bxd5 20. Nxd7 Qxd7 21. Qe5 Qc6 22. f3 Qc4 23. Qd6 Ra4 24. Rxa4 bxa4 25. Ra1 Qe2 26. h3 h6 27. Qg3 Ra8 28. Qf2 Qb5 29. Qf1 Bc4 {Ioannidis,E (2369)-Kharitonov,A (2558) Paleochora 2017 0-1 (56)}) 15... Ne4 16. Rfc1 Nd6 17. Bf4 Nf6 18. Nd2 Nf5 19. axb5 Nd5 20. Bg3 axb5 21. Qxb5 Nxc3 22. Rxc3 Nxd4 23. Qd3 Ra4 24. Nc4 Qd5 25. f3 Rfa8 26. Rd1 Rd8 27. Bb1 Nxf3+ 28. gxf3 Qc5+ 29. Ne3 Qxe3+ 30. Qxe3 Rxd1+ 31. Kg2 Rxb1 32. Rb3 Rb4 33. Rxb4 Rxb4 34. Qd2 Bxf3+ 35. Kxf3 Rb3+ 36. Kg2 h6 37. Qc2 Rb5 38. Kf3 Rf5+ 39. Kg2 h5 40. h4 g5 41. hxg5 Rxg5 42. Kh3 Rf5 43. Qc8+ Kh7 44. Qd7 1-0